Quel âge ont les célébrités française - Statistiques

Statistiques générales
  • Ce quiz a été pris 327 fois
  • Le résultat moyen est 6 sur 10
Statistiques - réponses
Hint Réponse % Correct
Angèle 28
89%
Pierre Niney 35
86%
Teddy Rinner 35
86%
Karim Benzema 36
80%
Mimie Mathy 67
68%
Inoxtag 12
55%
Gérard Darmon 15
49%
Swan the voice 47
48%
Koba la d 52
47%
Johnny Haliday Mort
14%
Aucun quiz correspondant
Distribution des résultats
% des personnes avec chaque résultat
Percentile par nombre de réponses
Votre historique - résultats
Vous n’avez pas pris ce quiz